| 000 | 01247nam a2200253 ar4500 | ||
|---|---|---|---|
| 001 | 3246 | ||
| 005 | 20221127090716.0 | ||
| 008 | 130505s su 00010|ara d | ||
| 020 | _a9789960546889 | ||
| 082 | 0 | 4 |
_a378.11 _bك786 |
| 100 | 1 | _aكوفمان، جيمس ر. | |
| 245 | 1 | 2 |
_aالعمل والطمانينة في البيئة الاكاديمية : _bاستثمار الوقت والمال والطاقة الفكرية عبر ادارة الصراع / _cجيمس كوفمان ؛ ترجمة مجد الابراهيم ؛ مراجعة محمد خليل. |
| 250 | _aط. 1. | ||
| 260 |
_aالرياض : _bمكتبة العبيكان، _c2010. |
||
| 300 |
_a282 ص. ؛ _c24 سم. |
||
| 440 | 0 |
_aمشروع الترجمة المشترك ؛ _v43. |
|
| 500 | _aترجمة لكتاب: Work & peace in academe / James Coffman. 2005. | ||
| 504 | _aيتضمن ارجاعات ببليوجرافية. | ||
| 650 | 4 |
_aالجامعات والكليات _xهيئة التدريس. |
|
| 650 | 4 |
_aالجامعات والكليات _xهيئة التدريس _xحقوق وامتيازات. |
|
| 650 | 4 |
_aالجامعات والكليات _xتنظيم وادارة. |
|
| 650 | 4 | _aحل المشكلات. | |
| 700 | 0 |
_aالابراهيم، مجد، _eمترجم. |
|
| 999 |
_c3244 _d3244 |
||